[Event "Oberliga Ost-A 1819"]
[Site "Germany"]
[Date "2019.03.23"]
[Round "8.5"]
[White "Collini, Carsten"]
[Black "Gehmlich, Marcel"]
[Result "0-1"]
[WhiteElo "2146"]
[BlackElo "2191"]
[PlyCount "112"]
[EventDate "2018.10.21"]
[EventType "team-tourn"]
[EventRounds "11"]
[EventCountry "GER"]
[SourceTitle "EXT 2020"]
[Source "ChessBase"]
[SourceDate "2019.10.17"]
[SourceVersion "1"]
[SourceVersionDate "2019.10.17"]
[SourceQuality "1"]
[WhiteTeam "Leipzig VfB"]
[BlackTeam "Dresden Gruen Weiss"]
[WhiteTeamCountry "GER"]
[BlackTeamCountry "GER"]

1. e4 c5 2. Nf3 e6 3. Nc3 a6 4. g3 b5 5. Bg2 Bb7 6. d3 d6 7. 0-0 Nf6 8. a4 b4 9. Ne2 Be7 10. Nd2 Nc6 11. Nc4 0-0 12. h3 Re8 13. f4 d5 14. exd5 exd5 15. Ne3 Bf8 16. g4 d4 17. Nc4 Na5 18. Bxb7 Nxb7 19. Ng3 Na5 20. Nxa5 Qxa5 21. Qf3 Rad8 22. Bd2 Qc7 23. b3 Qd7 24. Rae1 Rxe1 25. Rxe1 c4 26. Ne4 Nxe4 27. Qxe4 cxb3 28. cxb3 h5 29. Qf5 Qc6 30. Rc1 Qf3 31. gxh5 Qg3+ 32. Kf1 Qf3+ 33. Kg1 Re8 34. Re1 Re2 35. Rxe2 Qxe2 36. Bxb4 Qd1+ 37. Kg2 Qc2+ 38. Kf3 Bxb4 39. h6 Qc6+ 40. Qe4 Qxh6 41. Qxd4 Qxh3+ 42. Kf2 Qh2+ 43. Kf3 Qh1+ 44. Kf2 Qe1+ 45. Kg2 a5 46. Qd8+ Bf8 47. Qd5 Qe2+ 48. Kg3 Qe3+ 49. Kg2 Qc5 50. Qd8 Qc2+ 51. Kf3 Qxb3 52. Qxa5 Qxd3+ 53. Kg2 Qe4+ 54. Kg3 Qe3+ 55. Kg4 g6 56. Qc7 Be7 0-1

[Event "Leipzig VfB op 23rd"]
[Site "Leipzig"]
[Date "2016.03.19"]
[Round "8"]
[White "Collini, Carsten"]
[Black "Skibbe, Willi"]
[Result "1/2-1/2"]
[WhiteElo "2160"]
[BlackElo "2268"]
[PlyCount "59"]
[EventDate "2016.03.15"]
[EventType "swiss"]
[EventRounds "9"]
[EventCountry "GER"]
[SourceTitle "EXT 2017"]
[Source "ChessBase"]
[SourceDate "2016.10.25"]
[SourceVersion "1"]
[SourceVersionDate "2016.10.25"]
[SourceQuality "1"]

1. e4 e5 2. Nf3 Nc6 3. Bc4 Nf6 4. Ng5 d5 5. exd5 Na5 6. Bb5+ c6 7. dxc6 bxc6 8. Be2 h6 9. Nh3 g5 10. d3 Bc5 11. Be3 Bxe3 12. fxe3 Nd5 13. Bh5 g4 14. 0-0 Be6 15. Nf2 Qg5 16. Ne4 Qxe3+ 17. Kh1 0-0 18. c4 Nf4 19. Nf6+ Kg7 20. Nxg4 Qd4 21. Qd2 Bxg4 22. Bxg4 Qxd3 23. Qxd3 Nxd3 24. b3 Rad8 25. Nc3 Rd4 26. Bf5 Rfd8 27. Ne2 R4d6 28. Ng3 Nf4 29. Ne4 Rd4 30. Rae1 1/2-1/2

[Event "Leipzig VfB op 23rd"]
[Site "Leipzig"]
[Date "2016.03.17"]
[Round "4"]
[White "Collini, Carsten"]
[Black "Eichhorn, Mike"]
[Result "1-0"]
[WhiteElo "2160"]
[BlackElo "1624"]
[PlyCount "29"]
[EventDate "2016.03.15"]
[EventType "swiss"]
[EventRounds "9"]
[EventCountry "GER"]
[SourceTitle "EXT 2017"]
[Source "ChessBase"]
[SourceDate "2016.10.25"]
[SourceVersion "1"]
[SourceVersionDate "2016.10.25"]
[SourceQuality "1"]

1. e4 e5 2. Nf3 Nf6 3. Nxe5 d6 4. Nxf7 Kxf7 5. d4 Be7 6. Bc4+ Be6 7. d5 Bc8 8. Nc3 Nbd7 9. 0-0 Ne5 10. Bb3 Kf8 11. f4 Ng6 12. Qd4 Ke8 13. e5 Nd7 14. Ba4 dxe5 15. fxe5 1-0

[Event "Leipzig VfB op 23rd"]
[Site "Leipzig"]
[Date "2016.03.16"]
[Round "2"]
[White "Collini, Carsten"]
[Black "Grosse, Marcus"]
[Result "0-1"]
[WhiteElo "2160"]
[BlackElo "1953"]
[PlyCount "84"]
[EventDate "2016.03.15"]
[EventType "swiss"]
[EventRounds "9"]
[EventCountry "GER"]
[SourceTitle "EXT 2017"]
[Source "ChessBase"]
[SourceDate "2016.10.25"]
[SourceVersion "1"]
[SourceVersionDate "2016.10.25"]
[SourceQuality "1"]

1. Nf3 c5 2. b3 d5 3. Bb2 f6 4. e3 e5 5. Nxe5 fxe5 6. Qh5+ Kd7 7. Qxe5 Nf6 8. Nc3 Nc6 9. Qg5 Ke8 10. 0-0-0 Be6 11. f3 a6 12. d4 cxd4 13. exd4 Bd6 14. Bd3 Nb4 15. Bf5 Bxf5 16. Rhe1+ Kf7 17. Qxf5 Qc8 18. Qg5 h6 19. Qh4 Qf5 20. Re2 Rhe8 21. Rde1 Rac8 22. Qf2 Qf4+ 23. Kb1 Qxh2 24. a3 Bg3 25. Qg1 Rxe2 26. Nxe2 Nc6 27. Nxg3 Qxg3 28. Qf1 Re8 29. Rxe8 Kxe8 30. Qe2+ Kf7 31. c4 Qf4 32. Qd3 g6 33. Ka2 Qf5 34. Qe2 Qf4 35. Qd3 Qf5 36. Qe2 Qe6 37. Qd2 dxc4 38. Qf4 cxb3+ 39. Kb1 g5 40. Qc7+ Qe7 41. Qg3 Qe3 42. Qc7+ Kg6 0-1

[Event "Leipzig VfB op 23rd"]
[Site "Leipzig"]
[Date "2016.03.16"]
[Round "3"]
[White "Reinsdorf, Christin"]
[Black "Collini, Carsten"]
[Result "1/2-1/2"]
[WhiteElo "1828"]
[BlackElo "2160"]
[PlyCount "91"]
[EventDate "2016.03.15"]
[EventType "swiss"]
[EventRounds "9"]
[EventCountry "GER"]
[SourceTitle "EXT 2017"]
[Source "ChessBase"]
[SourceDate "2016.10.25"]
[SourceVersion "1"]
[SourceVersionDate "2016.10.25"]
[SourceQuality "1"]

1. e4 e5 2. Nf3 Nc6 3. Bc4 Nf6 4. Nc3 Nxe4 5. Nxe4 d5 6. Bxd5 Qxd5 7. Nc3 Qd8 8. h3 Be7 9. 0-0 0-0 10. d3 f5 11. Bd2 Bf6 12. Rb1 Be6 13. a3 Bf7 14. b4 Bh5 15. Ne2 Bxf3 16. gxf3 Qd7 17. b5 Ne7 18. f4 exf4 19. Nxf4 Be5 20. h4 Rf6 21. Qf3 Bxf4 22. Bxf4 Rg6+ 23. Kh2 Rg4 24. Rh1 Rxh4+ 25. Kg2 Rg4+ 26. Kf1 Qd5 27. Qxd5+ Nxd5 28. Be5 Re8 29. d4 Re7 30. f3 Rg6 31. Kf2 c5 32. c4 cxd4 33. Bxd4 Nf4 34. Bxa7 Nd3+ 35. Kf1 Rg3 36. Rd1 Rxf3+ 37. Kg2 Ne5 38. Bc5 Re8 39. Rhe1 Rf4 40. Bd6 Rg4+ 41. Kf2 Rf4+ 42. Kg2 Re6 43. Bxe5 Rg6+ 44. Kh1 Rh6+ 45. Kg2 Rg6+ 46. Kh1 1/2-1/2

[Event "Leipzig VfB op 22nd"]
[Site "Leipzig"]
[Date "2015.03.08"]
[Round "9"]
[White "Kaase, Julian"]
[Black "Collini, Carsten"]
[Result "1/2-1/2"]
[WhiteElo "1689"]
[BlackElo "2172"]
[PlyCount "140"]
[EventDate "2015.03.03"]
[EventType "swiss"]
[EventRounds "9"]
[EventCountry "GER"]
[SourceTitle "EXT 2016"]
[Source "ChessBase"]
[SourceDate "2015.10.08"]
[SourceVersion "1"]
[SourceVersionDate "2015.10.08"]
[SourceQuality "1"]

1. e4 e5 2. Nf3 Nc6 3. Bc4 Nf6 4. Ng5 Bc5 5. Nxf7 Bxf2+ 6. Kf1 Qe7 7. Nxh8 d5 8. exd5 Bg4 9. Be2 Bxe2+ 10. Qxe2 Nd4 11. Qxf2 0-0-0 12. d6 cxd6 13. Nc3 Rf8 14. Kg1 Ne4 15. Nxe4 Rxf2 16. Nxf2 Nxc2 17. Rb1 Qe8 18. b3 Qxh8 19. Bb2 Kd7 20. Rc1 Nd4 21. Bxd4 exd4 22. Ne4 Qe8 23. Ng3 Qe5 24. Kf2 Qf4+ 25. Ke2 h5 26. Rhf1 Qg4+ 27. Kd3 h4 28. Ne4 d5 29. Nc5+ Kc6 30. g3 hxg3 31. hxg3 Kb5 32. Rfe1 Qxg3+ 33. Kxd4 Qf4+ 34. Kd3 Qf5+ 35. Kd4 Qf4+ 36. Kxd5 Qxd2+ 37. Ke5 Qg5+ 38. Kd6 Qf4+ 39. Re5 Qf8+ 40. Kc7 Qf7+ 41. Kb8 Kb6 42. Na4+ Ka6 43. Nc5+ Kb6 44. Re6+ Kb5 45. a4+ Kb4 46. Re4+ Ka3 47. Kxa7 b6+ 48. Kxb6 Qf6+ 49. Kb5 Qd6 50. Kc4 g5 51. Rc3 Qd1 52. b4+ Ka2 53. Ree3 Qf1+ 54. Red3 Qf7+ 55. Kd4 Qf6+ 56. Kc4 Qf7+ 57. Kb5 Qe8+ 58. Nd7 g4 59. Rc2+ Kb1 60. Rh2 Kc1 61. Rc3+ Kb1 62. Rd3 Kc1 63. Kc4 Qe4+ 64. Kc3 Qe1+ 65. Kb3 g3 66. Rc2+ Kb1 67. Rxg3 Qxg3+ 68. Rc3 Qg8+ 69. Rc4 Qg3+ 70. Rc3 Qg8+ 1/2-1/2

[Event "Leipzig VfB op 22nd"]
[Site "Leipzig"]
[Date "2015.03.07"]
[Round "7"]
[White "Koch, Markus"]
[Black "Collini, Carsten"]
[Result "1-0"]
[WhiteElo "2161"]
[BlackElo "2172"]
[PlyCount "77"]
[EventDate "2015.03.03"]
[EventType "swiss"]
[EventRounds "9"]
[EventCountry "GER"]
[SourceTitle "EXT 2016"]
[Source "ChessBase"]
[SourceDate "2015.10.08"]
[SourceVersion "1"]
[SourceVersionDate "2015.10.08"]
[SourceQuality "1"]

1. d4 Nf6 2. c4 c5 3. d5 e5 4. Nc3 d6 5. e4 Be7 6. Bd3 0-0 7. f3 Ne8 8. Be3 Bg5 9. Bf2 Qf6 10. h4 Qh6 11. Qe2 g6 12. Kf1 f5 13. Nh3 Bd8 14. g3 a6 15. a3 b6 16. b4 Nf6 17. exf5 gxf5 18. Ng5 Nh5 19. Qd2 Bf6 20. Rd1 Qg7 21. Na4 e4 22. Be2 Bd8 23. Ne6 Bxe6 24. dxe6 Bc7 25. e7 Qxe7 26. Qd5+ Kh8 27. Qxa8 Nd7 28. Qb7 Ne5 29. Nc3 exf3 30. Bxf3 Qg7 31. Bxh5 Ng4 32. Qf3 d5 33. Nxd5 Nxf2 34. Kxf2 f4 35. g4 Qb2+ 36. Qe2 Qxa3 37. Nxc7 Qg3+ 38. Kf1 f3 39. Qh2 1-0

[Event "Leipzig VfB op 22nd"]
[Site "Leipzig"]
[Date "2015.03.03"]
[Round "1"]
[White "Kabitzke, Julian"]
[Black "Collini, Carsten"]
[Result "1/2-1/2"]
[WhiteElo "1867"]
[BlackElo "2172"]
[PlyCount "81"]
[EventDate "2015.03.03"]
[EventType "swiss"]
[EventRounds "9"]
[EventCountry "GER"]
[SourceTitle "EXT 2016"]
[Source "ChessBase"]
[SourceDate "2015.10.08"]
[SourceVersion "1"]
[SourceVersionDate "2015.10.08"]
[SourceQuality "1"]

1. e4 e5 2. Nf3 Nc6 3. Bb5 a6 4. Bxc6 dxc6 5. 0-0 f6 6. d4 Bg4 7. c3 exd4 8. cxd4 c5 9. Be3 cxd4 10. Qxd4 Qxd4 11. Nxd4 Bd6 12. f3 Bd7 13. Nc3 Ne7 14. Rad1 0-0-0 15. a3 Bc5 16. Nf5 Bxe3+ 17. Nxe3 Be6 18. Rxd8+ Rxd8 19. Rd1 Rxd1+ 20. Ncxd1 Kd7 21. Nc3 Kd6 22. Kf2 b5 23. f4 c5 24. g4 b4 25. Nb1 g5 26. fxg5 fxg5 27. Nf5+ Kd7 28. Nd2 a5 29. Ke3 c4 30. axb4 axb4 31. Nxe7 Kxe7 32. h3 c3 33. bxc3 bxc3 34. Nf3 h6 35. Kd3 Kf6 36. Kxc3 h5 37. e5+ Kg6 38. Nh2 Bd5 39. Kd4 Bg2 40. gxh5+ Kxh5 41. Ng4 1/2-1/2

[Event "Leipzig VfB op 21st"]
[Site "Leipzig"]
[Date "2014.03.07"]
[Round "6"]
[White "Herrmann, Markus"]
[Black "Collini, Carsten"]
[Result "0-1"]
[WhiteElo "2022"]
[BlackElo "2173"]
[PlyCount "116"]
[EventDate "2014.03.04"]
[EventType "tourn"]
[EventRounds "9"]
[EventCountry "GER"]
[SourceTitle "CBM 159 Extra"]
[Source "ChessBase"]
[SourceDate "2014.04.24"]
[SourceVersion "1"]
[SourceVersionDate "2014.04.24"]
[SourceQuality "1"]

1. d4 Nf6 2. c4 c5 3. d5 Ne4 4. Qc2 Qa5+ 5. Bd2 Nxd2 6. Nxd2 g6 7. Ngf3 Bg7 8. g3 d6 9. Bg2 0-0 10. 0-0 b5 11. Rfe1 Ba6 12. cxb5 Qxb5 13. Rab1 Nd7 14. Bf1 Qb7 15. e4 Bxf1 16. Rxf1 Rab8 17. Nc4 Qa6 18. b3 Nb6 19. Nfd2 Bd4 20. Kg2 f5 21. f3 Rf7 22. a4 Rbf8 23. Qd3 Qb7 24. Ne3 Bxe3 25. Qxe3 fxe4 26. fxe4 Qc8 27. Rxf7 Rxf7 28. Nf3 Qb7 29. Rc1 Nd7 30. Ng5 Rf6 31. g4 Qb4 32. Ne6 Ne5 33. h3 h6 34. Rf1 g5 35. Rxf6 exf6 36. Kf1 Qa3 37. Kf2 Qb2+ 38. Kg1 Qb1+ 39. Kg2 Qc2+ 40. Kg1 Qd1+ 41. Kg2 Nd3 42. Kg3 Qxb3 43. Nc7 Qc2 44. Nb5 Nf4 45. Qf2 Qxe4 46. Qf3 Qe1+ 47. Kh2 Qd2+ 48. Kh1 Ne2 49. Qf2 Qxd5+ 50. Kh2 Qe5+ 51. Kg2 Nf4+ 52. Kh1 Qd5+ 53. Kh2 a6 54. Nc7 Qb3 55. Ne8 Qxh3+ 56. Kg1 Qxg4+ 57. Kh2 Qh3+ 58. Kg1 Qe6 0-1

[Event "Leipzig VfB op 21st"]
[Site "Leipzig"]
[Date "2014.03.05"]
[Round "2"]
[White "Schoenbeck, Stephan"]
[Black "Collini, Carsten"]
[Result "1/2-1/2"]
[WhiteElo "1919"]
[BlackElo "2173"]
[PlyCount "68"]
[EventDate "2014.03.04"]
[EventType "tourn"]
[EventRounds "9"]
[EventCountry "GER"]
[SourceTitle "CBM 159 Extra"]
[Source "ChessBase"]
[SourceDate "2014.04.24"]
[SourceVersion "1"]
[SourceVersionDate "2014.04.24"]
[SourceQuality "1"]

1. e4 e5 2. Nf3 Nc6 3. Bb5 Nge7 4. Nc3 g6 5. d4 exd4 6. Nd5 Bg7 7. Bg5 h6 8. Bf6 Bxf6 9. Nxf6+ Kf8 10. 0-0 Kg7 11. Nd5 d6 12. Nxd4 Nxd5 13. exd5 Nxd4 14. Qxd4+ Qf6 15. Qxf6+ Kxf6 16. Rfe1 a6 17. Ba4 b5 18. Bb3 Bd7 19. f3 Rhe8 20. Kf2 a5 21. c3 Rxe1 22. Rxe1 g5 23. a3 Rb8 24. Re4 Bf5 25. Rd4 Bb1 26. Rd1 Bf5 27. Rd4 Bb1 28. Rd1 Bg6 29. Rd4 Ke5 30. g3 Bb1 31. Rd1 Bf5 32. Rd4 Bb1 33. Rd1 Bf5 34. Rd4 Bb1 1/2-1/2

[Event "Leipzig VfB op 20th"]
[Site "Leipzig"]
[Date "2013.03.09"]
[Round "7"]
[White "Collini, Carsten"]
[Black "Joppien, Arne"]
[Result "1-0"]
[WhiteElo "2171"]
[BlackElo "2077"]
[PlyCount "95"]
[EventDate "2013.03.05"]
[EventType "swiss"]
[EventRounds "9"]
[EventCountry "GER"]
[SourceTitle "EXT 2014"]
[Source "ChessBase"]
[SourceDate "2013.11.20"]
[SourceVersion "1"]
[SourceVersionDate "2013.11.20"]
[SourceQuality "1"]

1. e4 e5 2. Bc4 Nf6 3. d3 Bc5 4. Nf3 d6 5. Bg5 Be6 6. Nbd2 Bxc4 7. Nxc4 Nbd7 8. c3 h6 9. Bh4 g5 10. Bg3 a6 11. h4 g4 12. Nh2 h5 13. Nf1 Qe7 14. Nfe3 Bxe3 15. Nxe3 Qe6 16. Nf5 Rg8 17. c4 c6 18. Qc2 c5 19. 0-0 0-0-0 20. a3 Nf8 21. b4 Qd7 22. bxc5 dxc5 23. Bxe5 Ne8 24. Bg3 Ne6 25. Qb2 Nd4 26. Ne3 Rg6 27. Nd5 b5 28. cxb5 axb5 29. a4 b4 30. a5 Kb7 31. Rfc1 Qb5 32. Rc4 Ra6 33. Nxb4 Ka7 34. Rb1 Rxa5 35. Be5 Ne6 36. Nd5 Qxb2 37. Rxb2 Ra1+ 38. Kh2 Nd6 39. Rcc2 Ra3 40. Nc3 Nd4 41. Bxd4 cxd4 42. Nb5+ Nxb5 43. Rxb5 g3+ 44. fxg3 Rb8 45. Rc7+ Ka8 46. Rd5 Ra4 47. Rxf7 Rb3 48. Rxh5 1-0

[Event "Leipzig VfB op 20th"]
[Site "Leipzig"]
[Date "2013.03.06"]
[Round "3"]
[White "Collini, Carsten"]
[Black "Kolakovic, Klaudio"]
[Result "1-0"]
[WhiteElo "2171"]
[BlackElo "2054"]
[PlyCount "77"]
[EventDate "2013.03.05"]
[EventType "swiss"]
[EventRounds "9"]
[EventCountry "GER"]
[SourceTitle "EXT 2014"]
[Source "ChessBase"]
[SourceDate "2013.11.20"]
[SourceVersion "1"]
[SourceVersionDate "2013.11.20"]
[SourceQuality "1"]

1. e4 Nc6 2. d4 d5 3. Nc3 e5 4. dxe5 d4 5. Nd5 Be6 6. Nf4 Bb4+ 7. Bd2 Bxd2+ 8. Qxd2 Nxe5 9. Nxe6 fxe6 10. 0-0-0 c5 11. Bb5+ Nc6 12. Nf3 Nge7 13. Qg5 0-0 14. Qxc5 Qa5 15. Qc4 Rac8 16. Qxe6+ Kh8 17. Bxc6 Nxc6 18. Kb1 Rcd8 19. h4 Rf6 20. Qb3 Qc7 21. Qc4 b5 22. Qc5 Qa5 23. e5 Nb4 24. a3 Na6 25. Qe7 Rf4 26. c3 Qb6 27. h5 h6 28. Rh4 Rxh4 29. Nxh4 d3 30. Ng6+ Kh7 31. Nf8+ Kh8 32. Ne6 Rg8 33. Rd2 Nb8 34. g4 Nc6 35. Qd6 Qb7 36. g5 Na5 37. Qxd3 Qh1+ 38. Rd1 Qxh5 39. Nf4 1-0

[Event "Leipzig VfB op 20th"]
[Site "Leipzig"]
[Date "2013.03.05"]
[Round "1"]
[White "Collini, Carsten"]
[Black "Bauer, David"]
[Result "1-0"]
[WhiteElo "2171"]
[BlackElo "1818"]
[PlyCount "47"]
[EventDate "2013.03.05"]
[EventType "swiss"]
[EventRounds "9"]
[EventCountry "GER"]
[SourceTitle "EXT 2014"]
[Source "ChessBase"]
[SourceDate "2013.11.20"]
[SourceVersion "1"]
[SourceVersionDate "2013.11.20"]
[SourceQuality "1"]

1. e4 c5 2. Nf3 d6 3. d4 cxd4 4. Qxd4 Nc6 5. Bb5 Bd7 6. Bxc6 bxc6 7. c4 e5 8. Qd3 Nf6 9. Nc3 Be7 10. Bg5 Be6 11. 0-0 0-0 12. Rad1 Ne8 13. Bxe7 Qxe7 14. c5 d5 15. exd5 cxd5 16. Nxd5 Qxc5 17. Ng5 g6 18. Qe4 Rd8 19. Qh4 h5 20. Nxe6 fxe6 21. Qxd8 exd5 22. Qxd5+ Qxd5 23. Rxd5 Nf6 24. Rxe5 1-0

[Event "Leipzig VfB op 19th"]
[Site "Leipzig"]
[Date "2012.03.07"]
[Round "2"]
[White "Collini, Carsten"]
[Black "Zoll, Detlef"]
[Result "1-0"]
[WhiteElo "2187"]
[BlackElo "1957"]
[PlyCount "99"]
[EventDate "2012.03.06"]
[EventType "swiss"]
[EventRounds "9"]
[EventCountry "GER"]
[SourceTitle "CBM 147 Extra"]
[Source "ChessBase"]
[SourceDate "2012.04.24"]
[SourceVersion "1"]
[SourceVersionDate "2012.04.24"]
[SourceQuality "1"]

1. e4 e6 2. Qe2 c5 3. Nf3 Nc6 4. g3 Be7 5. Bg2 d6 6. 0-0 Qc7 7. d3 Nf6 8. c3 0-0 9. Nbd2 d5 10. Ne1 b6 11. f4 Bb7 12. e5 Nd7 13. Nc2 Rae8 14. c4 dxc4 15. dxc4 Nd4 16. Nxd4 Bxg2 17. Qxg2 cxd4 18. b3 f6 19. exf6 Nxf6 20. Ne4 Nxe4 21. Qxe4 Bc5 22. Bb2 e5 23. fxe5 Rxf1+ 24. Rxf1 Qxe5 25. Qxe5 Rxe5 26. Kg2 Re4 27. Rf4 Re2+ 28. Rf2 Re4 29. Kf1 d3 30. Rd2 Re3 31. Bc3 a5 32. Rf2 Re7 33. Rf3 Re2 34. Rxd3 Rxa2 35. h4 Rf2+ 36. Ke1 Rf7 37. Rd8+ Rf8 38. Rd7 Rf7 39. Rd8+ Rf8 40. Rxf8+ Kxf8 41. Ke2 g6 42. Kf3 Kf7 43. g4 Ke6 44. Kf4 Be7 45. h5 g5+ 46. Ke4 Bc5 47. Bd2 Be7 48. Be3 Bd8 49. h6 Kf6 50. Kd5 1-0

[Event "Leipzig VfB op 15th"]
[Site "Leipzig"]
[Date "2008.02.28"]
[Round "4"]
[White "Collini, Carsten"]
[Black "Nerlich, Vincent"]
[Result "1-0"]
[WhiteElo "2208"]
[BlackElo "1933"]
[PlyCount "65"]
[EventDate "2008.02.26"]
[EventType "swiss"]
[EventRounds "9"]
[EventCountry "GER"]
[SourceTitle "CBM 123 Extra"]
[Source "ChessBase"]
[SourceDate "2008.05.06"]
[SourceVersion "1"]
[SourceVersionDate "2008.05.06"]
[SourceQuality "1"]

1. e4 g6 2. d4 Bg7 3. h4 h5 4. Nc3 d6 5. Be3 Nf6 6. Be2 Nc6 7. Qd2 Ng4 8. Bxg4 Bxg4 9. f3 Bd7 10. Nge2 Na5 11. Qd3 Qc8 12. 0-0-0 a6 13. Nf4 b5 14. Kb1 Nc4 15. Bc1 Nb6 16. Nfd5 Qb7 17. Nxb6 Qxb6 18. Nd5 Qb7 19. Bg5 Bf8 20. Bd2 c6 21. Ne3 Bg7 22. f4 c5 23. dxc5 dxc5 24. Ba5 Ra7 25. Nd5 Qc6 26. Rhe1 f6 27. f5 gxf5 28. exf5 e5 29. fxe6 Bxe6 30. Nf4 Re7 31. Qg6+ Kf8 32. Rd8+ Re8 33. Nxe6+ 1-0

[Event "Leipzig VfB op 15th"]
[Site "Leipzig"]
[Date "2008.02.28"]
[Round "3"]
[White "Friesse, Bernhard"]
[Black "Collini, Carsten"]
[Result "1-0"]
[WhiteElo "2037"]
[BlackElo "2208"]
[PlyCount "87"]
[EventDate "2008.02.26"]
[EventType "swiss"]
[EventRounds "9"]
[EventCountry "GER"]
[SourceTitle "CBM 123 Extra"]
[Source "ChessBase"]
[SourceDate "2008.05.06"]
[SourceVersion "1"]
[SourceVersionDate "2008.05.06"]
[SourceQuality "1"]

1. Nc3 Nf6 2. d4 c5 3. d5 d6 4. e4 e5 5. Nf3 Bg4 6. Be2 Be7 7. Nd2 Bc8 8. a4 Nbd7 9. Nc4 Nb6 10. Ne3 0-0 11. a5 Nbd7 12. Nf5 Ne8 13. Nxe7+ Qxe7 14. Bg4 Nc7 15. 0-0 b5 16. axb6 axb6 17. Rxa8 Nxa8 18. Re1 Nc7 19. Qf3 b5 20. Ne2 f5 21. Bxf5 Nb6 22. Ng3 Bxf5 23. Nxf5 Qf6 24. Qg3 Nc8 25. Bg5 Qg6 26. Ne7+ Nxe7 27. Bxe7 Qh6 28. Bxf8 Kxf8 29. Re3 b4 30. h4 Ne8 31. Qg4 Ke7 32. g3 Qg6 33. Qc8 h5 34. Kg2 Qg4 35. Qb7+ Kf8 36. f3 Qg6 37. Qd7 Qf7 38. Qd8 Qa7 39. f4 exf4 40. Rf3 Qa4 41. Rxf4+ Kg8 42. b3 Qb5 43. Rf2 Kh7 44. Qe7 1-0

[Event "Leipzig VfB op 15th"]
[Site "Leipzig"]
[Date "2008.02.26"]
[Round "1"]
[White "Grosse, Marcus"]
[Black "Collini, Carsten"]
[Result "1/2-1/2"]
[WhiteElo "1884"]
[BlackElo "2208"]
[PlyCount "111"]
[EventDate "2008.02.26"]
[EventType "swiss"]
[EventRounds "9"]
[EventCountry "GER"]
[SourceTitle "CBM 123 Extra"]
[Source "ChessBase"]
[SourceDate "2008.05.06"]
[SourceVersion "1"]
[SourceVersionDate "2008.05.06"]
[SourceQuality "1"]

1. e4 e5 2. Nf3 Nc6 3. d4 exd4 4. Bc4 Nf6 5. 0-0 Bc5 6. e5 d5 7. Bb5 Ne4 8. Nxd4 Bd7 9. Bxc6 bxc6 10. Be3 0-0 11. Nd2 Nxd2 12. Qxd2 Qe7 13. Rfe1 Qxe5 14. Nxc6 Bxe3 15. Nxe5 Bxd2 16. Red1 Be6 17. Rxd2 Rab8 18. b3 c5 19. c3 Rb6 20. Nd3 c4 21. Nb4 Rfb8 22. Nxd5 Bxd5 23. Rxd5 cxb3 24. axb3 Rxb3 25. g3 Rb1+ 26. Rxb1 Rxb1+ 27. Kg2 Rb8 28. Rd7 Ra8 29. c4 Kf8 30. c5 a6 31. c6 Rc8 32. c7 Ke8 33. Rd6 a5 34. Ra6 Rxc7 35. Rxa5 Ke7 36. h4 Rc6 37. Kf3 Kf6 38. Rb5 Kg6 39. Ra5 f5 40. Rb5 Rc3+ 41. Kf4 Rc4+ 42. Kf3 Rg4 43. Ra5 Kf6 44. Ra6+ Ke5 45. Ra5+ Ke6 46. Ra6+ Kf7 47. Ra7+ Kg6 48. Ra6+ Kh5 49. Ra5 g6 50. Rb5 Ra4 51. Rc5 Kh6 52. Rc6 Ra7 53. Rb6 Rf7 54. Kf4 Kh5 55. Rb5 Ra7 56. Kf3 1/2-1/2

[Event "Leipzig VfB op 14th"]
[Site "Leipzig"]
[Date "2007.03.21"]
[Round "2"]
[White "Collini, Carsten"]
[Black "Franke, Helmut"]
[Result "1-0"]
[WhiteElo "2208"]
[BlackElo "1978"]
[PlyCount "89"]
[EventDate "2007.03.20"]
[EventType "swiss"]
[EventRounds "9"]
[EventCountry "GER"]
[SourceTitle "EXT 2008"]
[Source "ChessBase"]
[SourceDate "2007.11.25"]
[SourceVersion "1"]
[SourceVersionDate "2007.11.25"]
[SourceQuality "1"]

1. e4 e6 2. d4 d5 3. Nc3 Nf6 4. Bg5 Be7 5. e5 Nfd7 6. Bxe7 Qxe7 7. f4 c5 8. Nb5 Nb6 9. Nd6+ Kd8 10. dxc5 N6d7 11. b4 b6 12. cxb6 axb6 13. c4 f6 14. Nf3 fxe5 15. fxe5 Nc6 16. cxd5 Ncxe5 17. dxe6 Nxf3+ 18. gxf3 Qxe6+ 19. Be2 Ke7 20. Nb5 Qe5 21. Qd4 Qxd4 22. Nxd4 Kf6 23. Kf2 Re8 24. Bb5 Re5 25. a4 Nf8 26. Bc6 Rb8 27. Rac1 Ne6 28. Nxe6 Bxe6 29. h4 Bb3 30. Rc3 Ba2 31. Rd1 g6 32. Rd6+ Kg7 33. Be4 Kh6 34. Rcc6 Bb3 35. Rxb6 Rxb6 36. Rxb6 Bxa4 37. Ra6 Bb3 38. Ra5 Re7 39. Rc5 Re8 40. b5 Rb8 41. Bc6 Rb6 42. Ke3 Rb8 43. Re5 Ba4 44. Re4 Kg7 45. Rxa4 1-0

[Event "Leipzig VfB op 14th"]
[Site "Leipzig"]
[Date "2007.03.20"]
[Round "1"]
[White "Ditz, Roland"]
[Black "Collini, Carsten"]
[Result "0-1"]
[WhiteElo "1828"]
[BlackElo "2208"]
[PlyCount "108"]
[EventDate "2007.03.20"]
[EventType "swiss"]
[EventRounds "9"]
[EventCountry "GER"]
[SourceTitle "EXT 2008"]
[Source "ChessBase"]
[SourceDate "2007.11.25"]
[SourceVersion "1"]
[SourceVersionDate "2007.11.25"]
[SourceQuality "1"]

1. e4 e5 2. Nf3 Nc6 3. Bb5 a6 4. Ba4 Bb4 5. c3 Ba5 6. 0-0 Nge7 7. d4 exd4 8. cxd4 d5 9. e5 Bg4 10. Be3 0-0 11. Nc3 Bxc3 12. bxc3 b5 13. Bc2 Qd7 14. Bd3 h6 15. Rb1 f6 16. h3 Bxf3 17. Qxf3 fxe5 18. Qh5 e4 19. Be2 Qf5 20. Qxf5 Nxf5 21. Bg4 g5 22. Bc1 Na5 23. Ba3 Rf6 24. Be2 Nd6 25. Bc1 Nac4 26. Bg4 Kg7 27. Bh5 Raf8 28. Be2 Kg6 29. Bxc4 Nxc4 30. Be3 a5 31. Bc1 Rb6 32. Re1 b4 33. cxb4 Rfb8 34. a3 axb4 35. axb4 Rxb4 36. Rxb4 Rxb4 37. Be3 Na3 38. Ra1 Rb1+ 39. Rxb1 Nxb1 40. Kh2 Nc3 41. g4 Nd1 42. Kg3 Nxe3 43. fxe3 Kf6 44. Kf2 Ke6 45. Ke2 Kd6 46. Kd2 c5 47. dxc5+ Kxc5 48. Kc3 d4+ 49. exd4+ Kd5 50. Kd2 Kxd4 51. Ke2 e3 52. Ke1 Kd3 53. Kd1 e2+ 54. Ke1 Ke3 0-1

[Event "Leipzig VfB op 13th"]
[Site "Leipzig"]
[Date "2006.03.18"]
[Round "8"]
[White "Collini, Carsten"]
[Black "Schuster, Martin"]
[Result "1/2-1/2"]
[WhiteElo "2184"]
[BlackElo "2222"]
[PlyCount "108"]
[EventDate "2006.03.14"]
[EventType "swiss"]
[EventRounds "9"]
[EventCountry "GER"]
[SourceTitle "EXT 2008"]
[Source "ChessBase"]
[SourceDate "2007.11.25"]
[SourceVersion "1"]
[SourceVersionDate "2007.11.25"]
[SourceQuality "1"]

1. e4 c6 2. d4 d5 3. Nc3 dxe4 4. Nxe4 Bf5 5. Ng3 Bg6 6. Bc4 e6 7. N1e2 Bd6 8. h4 h6 9. Nf4 Bxf4 10. Bxf4 Nf6 11. Qe2 Nbd7 12. 0-0-0 Nd5 13. Bd2 N7f6 14. h5 Bh7 15. Bb3 Qc7 16. Rh4 a5 17. c3 0-0 18. Bc2 Bxc2 19. Kxc2 c5 20. Qe5 Rac8 21. Qxc7 Rxc7 22. Ne2 b5 23. Kb1 Rfc8 24. dxc5 Rxc5 25. Nd4 Rc4 26. b3 Nxc3+ 27. Bxc3 Rxc3 28. Nxb5 R3c5 29. a4 Kh7 30. Rhd4 Rxh5 31. Nd6 Rb8 32. R1d3 Nd5 33. Rc4 Rb6 34. Nxf7 Rf5 35. Nd8 Rxf2 36. Nxe6 Rxe6 37. Rxd5 Re1+ 38. Rc1 Re3 39. Rc2 Rxb3+ 40. Ka2 Rxc2+ 41. Kxb3 Rxg2 42. Rxa5 Kg6 43. Rc5 Rg1 44. a5 Ra1 45. Kb2 Re1 46. a6 Re8 47. Ra5 Kf6 48. a7 Ra8 49. Kc3 h5 50. Kd4 h4 51. Ke4 h3 52. Kf3 g5 53. Kg3 g4 54. Kxg4 h2 1/2-1/2